000 00465nam a2200193 a 4500
001 1754977881174
003 ACL
005 20250812112356.0
008 250812s2001##################000#0#eng##
020 _a9780714834498
082 0 4 _a700
_bFLE
100 1 _aFletcher, Alan,
_eauthor.
245 1 0 _aThe Art of Looking Sideways :
260 _bPhaidon Press,
_c2001.
300 _a534 pages
650 0 _aDesign.
942 _cENGLISH
040 _aACL
_beng
_cACL
999 _c580927
_d580927